00205nam a22000857a 4500020001800000100001900018245004000037260003100077300001100108 a9780545658485 aLauren Tarshis aI Survived the Joplin Tornado, 2011 aNew YorkbScholasticc2015 a89 pgs